MARC

LEADER 00000nam0a2200000 4500
001 63976
005 20231031065148.0
035 |a (RuTPU)RU\TPU\book\67882 
090 |a 63976 
100 |a 20040522d1973 m y0rusy50 ca 
101 0 |a rus 
102 |a RU 
105 |a a j 001zy 
200 1 |a Охрана труда на нефтеперерабатывающих и нефтехимических заводах  |e учебник  |f под ред. В. П. Кушелева; В. Т. Полозкова 
210 |a Москва  |c Химия  |d 1973 
215 |a 295 с.  |c ил. 
320 |a Библиография в конце глав. 
606 1 |a Нефтеперерабатывающие заводы  |x Охрана труда  |2 stltpush  |3 (RuTPU)RU\TPU\subj\33756 
610 1 |a нефтеперерабатывающие предприятия 
610 1 |a нефтехимические заводы 
610 1 |a безопасность 
610 1 |a условия труда 
610 1 |a гигиена труда 
610 1 |a шумы 
610 1 |a вибрация 
610 1 |a промышленные выбросы 
610 1 |a технологическое оборудование 
610 1 |a компрессорные установки 
610 1 |a оградительная техника 
610 1 |a электробезопасность 
610 1 |a пожарная профилактика 
610 1 |a учебники 
675 |a 665.6.013(075.8)  |v 3 
702 1 |a Кушелев  |b В. П.  |4 340 
702 1 |a Полозков  |b В. Т.  |g Владимир Тихонович  |4 340 
801 1 |a RU  |b 63413507  |c 20040522  |g PSBO 
801 2 |a RU  |b 63413507  |c 20201021  |g PSBO 
942 |c BK